000 00189nam a22000857a 4500
001 1242497
005 20251014150307.0
245 _aMERAKLI BAHÇE
_cPETER BROWN
260 _bHEP KİTAP YAYINLARI
999 _c1242497
_d1242497